<?xml version='1.0' encoding='UTF-8'?>
  <record xmlns="http://www.loc.gov/MARC21/slim">
    <leader>00000nem a2200000 i 4500</leader>
    <controlfield tag="001">ocn980375585</controlfield>
    <controlfield tag="003">OCoLC</controlfield>
    <controlfield tag="005">20260121011227.1</controlfield>
    <controlfield tag="008">110210s1739    ne        u     0   dut d</controlfield>
    <datafield tag="040" ind1=" " ind2=" ">
      <subfield code="a">QGJ</subfield>
      <subfield code="b">dut</subfield>
      <subfield code="c">QGJ</subfield>
      <subfield code="d">OCLCO</subfield>
      <subfield code="d">OCLCL</subfield>
      <subfield code="d">OCLCQ</subfield>
    </datafield>
    <datafield tag="035" ind1=" " ind2=" ">
      <subfield code="a">(OCoLC)980375585</subfield>
    </datafield>
    <datafield tag="041" ind1=" " ind2=" ">
      <subfield code="a">dut</subfield>
    </datafield>
    <datafield tag="100" ind1="1" ind2=" ">
      <subfield code="a">Douwes, Cornelis,</subfield>
      <subfield code="d">1712-1773.</subfield>
      <subfield code="1">https://id.oclc.org/worldcat/entity/E39PBJjhCqpFkjJGFBC9RRRqcP</subfield>
    </datafield>
    <datafield tag="245" ind1="1" ind2="0">
      <subfield code="a">Afbeelding van de soneclips die wesen sal den 4 augustus anno 1739 na de middags, voor XII bysondere plaatsen /</subfield>
      <subfield code="c">C. Doúwes invent:.</subfield>
    </datafield>
    <datafield tag="246" ind1="1" ind2=" ">
      <subfield code="a">Afbeeldinge van de son-eclips, welke gezien zal worden den 4 augustus deses jaars 1739 voor 12 byzondere plaatzen: volgens de tafelen van den heer De la Hire</subfield>
    </datafield>
    <datafield tag="264" ind1=" " ind2="1">
      <subfield code="a">Amsterdam :</subfield>
      <subfield code="b">Johannes van Keulen,</subfield>
      <subfield code="c">[1739]</subfield>
    </datafield>
    <datafield tag="300" ind1=" " ind2=" ">
      <subfield code="a">1 plano :</subfield>
      <subfield code="b">koperdiepdruk, met zetsel ;</subfield>
      <subfield code="c">41 x 72 cm</subfield>
    </datafield>
    <datafield tag="336" ind1=" " ind2=" ">
      <subfield code="a">cartografische afbeelding</subfield>
      <subfield code="b">cri</subfield>
      <subfield code="2">rdacontent/dut</subfield>
    </datafield>
    <datafield tag="337" ind1=" " ind2=" ">
      <subfield code="a">zonder medium</subfield>
      <subfield code="b">n</subfield>
      <subfield code="2">rdamedia/dut</subfield>
    </datafield>
    <datafield tag="338" ind1=" " ind2=" ">
      <subfield code="a">vel</subfield>
      <subfield code="b">nb</subfield>
      <subfield code="2">rdacarrier/dut</subfield>
    </datafield>
    <datafield tag="500" ind1=" " ind2=" ">
      <subfield code="a">Met aan de rechterzijde gemonteerd een verklarende tekst in boekdruk: 'Afbeeldinge van de son-eclips, welke gezien zal worden den 4 augustus deses jaars 1739 voor 12 byzondere plaatzen: volgens de tafelen van den heer De la Hire'.</subfield>
    </datafield>
    <datafield tag="650" ind1=" " ind2="7">
      <subfield code="a">Zon.</subfield>
      <subfield code="0">(NL-LeOCL)078968712.</subfield>
      <subfield code="2">gtt</subfield>
    </datafield>
    <datafield tag="650" ind1=" " ind2="7">
      <subfield code="a">Eclipsen.</subfield>
      <subfield code="0">(NL-LeOCL)078491681.</subfield>
      <subfield code="2">gtt</subfield>
    </datafield>
    <datafield tag="856" ind1="4" ind2="1">
      <subfield code="u">http://objects.library.uu.nl/reader/resolver.php?obj=002336508&amp;type=2</subfield>
      <subfield code="x">Online</subfield>
      <subfield code="z">Map</subfield>
    </datafield>
    <datafield tag="936" ind1=" " ind2=" ">
      <subfield code="a">BATCHLOAD</subfield>
    </datafield>
  </record>